00347nam a2200133Ia 4500008004100000020001500041041001200056082001600068100001700084245005200101260003200153300000900185650001900194221030s9999 xx 000 0 und d a8174090843 aEnglish a105.23bGre aB. S. Grewal 0aHigher Engineering Mathematicscby B. S. Grewal bKhanna PubaNew Delhic2001 a1104 aBE Mathematics